| 000 | 00378nam a2200145Ia 4500 | ||
|---|---|---|---|
| 008 | 221030s9999 xx 000 0 und d | ||
| 041 | _aEnglish | ||
| 082 | _a105.23 | ||
| 100 | _aD. S. Chitore | ||
| 245 | 0 | _aDesign Aspects Of Electrical Indicating Instruments | |
| 260 |
_bQIP Center, University Of Roorkee, Roorkee _aIndia _c0 |
||
| 300 | _a153 | ||
| 650 | _aEE | ||
| 942 | _cBK | ||
| 999 |
_c7546 _d7546 |
||